El milagro de la vida /

Uloženo v:
Podrobná bibliografie
Hlavní autor: Zermeño Rivera, Jesús Jaime (autor)
Další autoři: Rivera B., María Teresa (prólogo) (prólogo)
Médium: Kniha
Jazyk:španělština
Vydáno: Guadalajara?, México : México : edición de autor ; Porrúa 2018, c2018
Témata:
Tagy: Přidat tag
Žádné tagy, Buďte první, kdo vytvoří štítek k tomuto záznamu!

MARC

LEADER 00000nam^a2200000^a^4500
001 000629436
005 20260323000000.0
009 20260407175347.588
020 |a 978-607-515-367-4 
037 |a Acervo ITESO - Biblioteca 
041 |a ESP 
082 |a 158. 1  |b ZER 
100 |a Zermeño Rivera, Jesús Jaime  |e (autor) 
245 1 3 |a El milagro de la vida /  |c J.J. Zermeño Rivera ; pról. de M.T. Rivera B. 
264 4 |a Guadalajara?, México :  |b edición de autor ;  |a México :  |b Porrúa  |c 2018, c2018 
300 |a XII, 92 p. 
336 |a texto  |b txt  |2 rdacontenido 
337 |a sin mediación  |b n  |2 rdamedio 
338 |a volumen  |b nc  |2 rdasoporte 
561 |a Dedicatoria con la leyenda: 13/diciembre/2025. Con inmenso agradecimiento compartirmos, mi familia y yo al ITESO, este pequeño ensayo. Que trata de expresar sentimientos en palabras que son importantes para nosotros. Hoy nuestras dos hijas se gradúan en una universidad que no sólo da una preparación académica. Sino que les da una comunidad con valores mutuos en ayuda para su vida. Firman: Ana Tere Zermeño, María José Zermeño, Evelyn y Jesús Jaime Zermeño Rivera 
649 |a XX 
650 |a Conducta de Vida 
650 |a Vida Humana -  |x Tema Principal 
650 |a Superación Personal y Autoayuda -  |x Tema Principal 
650 |a Etica 
650 |a Psicología 
700 |a Rivera B., María Teresa  |e (prólogo) 
910 |a Fondo General 
920 |a Impresos - Libros 
930 |a Colección General 
905 |a 101 
901 |a 629436-10  |b IT1  |c ACC  |i C132126  |u 20260323 
902 |a https://opac.biblio.iteso.mx/vufind/Record/000629436